Muoio dalla voglia di conoscerti /

Gespeichert in:
Bibliographische Detailangaben
1. Verfasser: Chambers, Aidan (Verfasst von)
Weitere Verfasser: Masini, Beatrice (Übersetzung)
Format: Buch
Sprache:Italienisch
Veröffentlicht: Milano : Rizzoli, 2012
Schriftenreihe:Rizzoli narrativa
Tags: Tag hinzufügen
Keine Tags, Fügen Sie das erste Tag hinzu!

MARC

LEADER 00000nam a22000007i 4500
001 IT\ICCU\RAV\1962148
003 ItRI
005 20260115232049.0
008 120616s2012 it |||||| ||||| |||||c
020 |a 9788817057318 
040 |b ita  |c importazione bologna sebina 
041 7 |a ita  |2 ISO-639-2 
082 |a 823.914  |9 Narrativa inglese. 1945-  |2 20 
100 1 |a Chambers, Aidan  |0 IT\ICCU\CFIV\120230  |4 aut 
240 1 0 |a Dying to know you  |3 IT\ICCU\RAV\1962149  |9 Chambers, Aidan 
245 1 0 |a Muoio dalla voglia di conoscerti /  |c Aidan Chambers ; traduzione di Beatrice Masini. 
260 |a Milano :  |b Rizzoli,  |c 2012 
300 |a 285 p. ;  |c 21 cm. 
700 1 |a Masini, Beatrice  |0 IT\ICCU\RAVV\097594  |4 trl 
830 0 |a Rizzoli narrativa  |0 IT\ICCU\CFI\0728647 
942 |2 ddc  |c BK  |n 0 
952 |0 0  |1 0  |4 0  |6 R_823_914000000000000_CHA  |7 0  |9 19421  |a BO  |b BO  |d 2026-01-15  |i 17530  |l 0  |o R 823.914 CHA  |p BO17530  |r 2026-01-15 23:20:49  |w 2026-01-15  |x [Sebina 5] [1 v.]  |y BK  |z 1 v. 
999 |c 16532  |d 16532